| 000 | 00492nam a2200157 a 4500 | ||
|---|---|---|---|
| 001 | 000049114 | ||
| 005 | 20220328111526.0 | ||
| 008 | 190719s1987 dr r 000 0 spa d | ||
| 040 |
_aDO-SdBNP _bspa _cBNPHU |
||
| 082 |
_axxxx _bP421Ll |
||
| 100 | 1 |
_aPepén, Juan F. _q (Juan Felix) _913174 |
|
| 245 | 1 | 0 |
_aLlamada a la salvación / _cJuan Félix Pepén. |
| 260 |
_aSanto Domingo : _bUniversidad Católica Santo Domingo, _c1987. |
||
| 300 |
_a153 p. ; _c21 cm. |
||
| 590 | _aInventariado, 2019/BT | ||
| 999 |
_c48602 _d48602 |
||